Jaka może być odpowiedź? - Statystyki

Ogólne statystyki
  • Ten quiz został rozwiązany 45 razy
  • Średni wynik to 3 z 6
Statystyki odpowiedzi
Odpowiedź % Poprawnych
Zła
87%
Dobra
79%
Poprawna
61%
Krótka
26%
Pisemna
16%
Ustna
16%
Nie znaleziono quizów pasujących do podanych kryteriów
Rozkład punktacji
Procent ludzi z każdym wynikiem
Percentyl według liczby udzielonych odpowiedzi
Twoja historia wyników
Nie rozwiązałeś tego quizu